Arizona General Knowledge - Statistics

General Stats
  • This quiz has been taken 132 times
  • The average score is 9 of 15
Answer Stats
Hint Answer % Correct
State nickname and major national park Grand Canyon
95%
Capital city and largest city in Arizona Phoenix
92%
NBA team in Phoenix Suns
85%
Major city in Arizona’s Sonoran Desert Tucson
81%
Location of Arizona State University Tempe
80%
Arizona NFL team located in the Phoenix metro area Cardinals
78%
Largest suburb of Phoenix Mesa
78%
National park in NE Arizona, known for its colorful wood Petrified Forest
71%
Phoenix's major hockey team Coyotes
69%
National park outside of Tucson, known for cactus Saguaro
63%
Large mountain in Phoenix, named after its shape Camelback Mountain
41%
Incised meander of the Colorado River located in Page Horseshoe Bend
29%
Red-sand desert region on the Arizona-Utah border Monument Valley
25%
Major retail chain company HQed in Phoenix PetSmart
7%
Arizonas largest export - $2.23Billion Aircraft
3%
No matching quizzes found
Score Distribution
Percent of People with Each Score
Percentile by Number Answered
Your Score History
You have not taken this quiz